| 000 | 02353cam a22004934i 4500 | ||
|---|---|---|---|
| 003 | PE-LiUPU | ||
| 005 | 20250731184539.0 | ||
| 008 | 181226s2017 xxua r 000 0 eng | ||
| 020 | _a0897570995 | ||
| 020 | _a9780897570992 | ||
| 035 | _a(Sirsi) a251137 | ||
| 049 | _aPRUA | ||
| 082 | 0 | 4 |
_a933.5 _bL44 _223 |
| 100 | 1 |
_aLeonard, Albert, _eautor. |
|
| 245 | 1 | 0 |
_aKataret es-Samra, Jordan : _bthe 1985 excavation and survey / _cby Albert Leonard. |
| 264 | 1 |
_aBoston : _bAmerican Schools of Oriental Research, _c[2017]. |
|
| 300 |
_axiv, 138 páginas : _bilustraciones ; _c29 centímetros. |
||
| 336 |
_atext _2rdacontent |
||
| 337 |
_aunmediated _2rdamedia |
||
| 338 |
_avolume _2rdacarrier |
||
| 490 | 0 |
_aThe annual of the American Schools of Oriental Research ; _vvolume 71 |
|
| 504 | _aBibliografía: páginas 129-138. | ||
| 505 | 0 | _aThe excavation of Kataret es-Samra tomb 2 -- The discovery of tomb 2 -- The burials in tomb 2 -- The tomb 2 loci -- The pottery and small finds from Kataret es-Samra tomb -- The survey and soundings on the Kataret es-Samra Tell (Field II) -- The survey of the summit of Tell Kataret es-Samra -- The pottery from the survey of the summit of the tell -- The survey of the slopes of Tell Kataret es-Samra -- The pottery from the survey of the slopes of Tell Kataret es-Samra -- The soundings on the tell : Field II, areas 1 and 2 -- The pottery from the soundings on Tell Kataret es-Samra : Field II, areas 1 and 2 -- The Field II loci -- The faunal remains from the excavations in Field II -- Postscript : The Kataret es-Samra excavations and the present volume. | |
| 526 | _aP136 | ||
| 526 | _aP135 | ||
| 526 | _aP134 | ||
| 526 | _aP133 | ||
| 526 | _aP144 | ||
| 526 | _aP143 | ||
| 526 | _aP87 | ||
| 526 | _aP35 | ||
| 526 | _aP20 | ||
| 526 | _aP14 | ||
| 526 | _aP10 | ||
| 526 | _aP06 | ||
| 650 | 0 | 4 |
_aAlfarería antigua _zJordán. |
| 650 | 0 | 4 |
_aExcavaciones (Arqueología) _zJordán |
| 910 |
_adbm _bsag _csag _d20181226 |
||
| 942 |
_2ddc _cBOOK |
||
| 994 |
_aC0 _bPEPRU |
||
| 596 | _a1 | ||
| 999 |
_a933.5 L44 _wDEWEY _c30586 _i79430 _f2021-11-11 _g3 _lCCODEBUL1 _mBUL _p45.00 _r0 _sY _tBOOK _u2018-12-26 _xTEOLOGIA _PP85 _0COMPRA _1FCOMPR2 _o.STAFF. Colección Teología _d30586 |
||
| 980 |
_81 _gALBERTO SANCHEZ Responsable de Automatización |
||